[Event "Paris-ch op-A"]
[Site "Paris"]
[Date "2010.07.08"]
[Round "6"]
[White "Palisseau, Pascal"]
[Black "Bonnin, Bruno"]
[Result "0-1"]
[WhiteElo "1865"]
[BlackElo "1986"]
[PlyCount "104"]
[EventDate "2010.07.03"]
[EventType "swiss"]
[EventRounds "9"]
[EventCountry "FRA"]
[SourceTitle "CBM 137 Extra"]
[Source "ChessBase"]
[SourceDate "2010.09.01"]
[SourceVersion "1"]
[SourceVersionDate "2010.09.01"]
[SourceQuality "1"]

1. e4 Nf6 2. Nf3 Nxe4 3. Bc4 d5 4. Bb3 Bg4 5. Nc3 e6 6. h3 Bh5 7. Qe2 Nxc3 8. dxc3 c6 9. Bd2 Nd7 10. g4 Bg6 11. c4 Be7 12. cxd5 cxd5 13. Ba4 0-0 14. Bxd7 Qxd7 15. Ne5 Qa4 16. Nxg6 hxg6 17. b3 Qc6 18. Rc1 Ba3 19. 0-0 Bxc1 20. Rxc1 Rfe8 21. g5 e5 22. Bb4 a5 23. Ba3 a4 24. Bb2 Re6 25. h4 Kh7 26. Qf3 f5 27. h5 Rh8 28. Re1 axb3 29. axb3 e4 30. Qf4 Qd6 31. Qxd6 Rxd6 32. h6 gxh6 33. Bxh8 Kxh8 34. gxh6 d4 35. Kg2 Kh7 36. Kg3 Kxh6 37. Kf4 Rc6 38. Rd1 Rxc2 39. Rxd4 Rxf2+ 40. Ke5 Kg5 41. Rd1 Rg2 42. Re1 Rg3 43. b4 Kg4 44. b5 Kf3 45. Kd6 Kf2 46. Rb1 Rh3 47. b6 e3 48. Rb3 f4 49. Rc3 g5 50. Kc7 Rh7+ 51. Kb8 e2 52. Rc7 Rh8+ 0-1

[Event "Paris-ch op-A"]
[Site "Paris"]
[Date "2010.07.03"]
[Round "1"]
[White "Reilhac, Philippe"]
[Black "Palisseau, Pascal"]
[Result "1/2-1/2"]
[WhiteElo "2034"]
[BlackElo "1865"]
[PlyCount "112"]
[EventDate "2010.07.03"]
[EventType "swiss"]
[EventRounds "9"]
[EventCountry "FRA"]
[SourceTitle "CBM 137 Extra"]
[Source "ChessBase"]
[SourceDate "2010.09.01"]
[SourceVersion "1"]
[SourceVersionDate "2010.09.01"]
[SourceQuality "1"]

1. e4 e6 2. d4 d5 3. Nd2 c5 4. Ngf3 Nf6 5. e5 Nfd7 6. c3 Nc6 7. Nb3 Be7 8. Be2 a6 9. 0-0 b5 10. Bf4 Bb7 11. h3 Rc8 12. Rc1 0-0 13. Nh2 f6 14. exf6 Rxf6 15. Bg5 Rg6 16. Be3 c4 17. Nd2 e5 18. Bh5 Rd6 19. f4 exd4 20. cxd4 Nf6 21. Bg4 Ra8 22. Ndf3 Bc8 23. Ne5 Bxg4 24. Nhxg4 Nxg4 25. Qxg4 Bf6 26. Qf3 Qc7 27. Rfd1 Rf8 28. Qg3 Ne7 29. Qg4 Qc8 30. Qe2 Nf5 31. Bf2 Bh4 32. Bxh4 Nxh4 33. Rf1 Nf5 34. Qd2 Ng3 35. Rf3 Ne4 36. Qe3 Qd8 37. Rcf1 Qa5 38. Ra1 Qd2 39. Qxd2 Nxd2 40. Rf2 Ne4 41. Rf3 b4 42. Rc1 a5 43. g3 a4 44. Re3 c3 45. bxc3 Nxc3 46. a3 Na2 47. Rb1 b3 48. Nd3 Nc3 49. Rc1 Rc8 50. Kg2 Rc4 51. Nb2 Rxd4 52. Rcxc3 Rd2+ 53. Kf3 Rxb2 54. Rc7 Kf8 55. Ree7 Rc6 56. Rf7+ Ke8 1/2-1/2

[Event "Syre Memorial op 31st"]
[Site "Issy les Moulineaux"]
[Date "2008.05.02"]
[Round "3"]
[White "Veron, Cyprien"]
[Black "Palisseau, Pascal"]
[Result "1/2-1/2"]
[WhiteElo "2109"]
[BlackElo "1750"]
[PlyCount "103"]
[EventDate "2008.05.01"]
[EventType "swiss"]
[EventRounds "6"]
[EventCountry "FRA"]
[SourceTitle "EXT 2010"]
[Source "ChessBase"]
[SourceDate "2010.11.25"]
[SourceVersion "1"]
[SourceVersionDate "2010.11.25"]
[SourceQuality "1"]

1. Nf3 Nf6 2. c4 c5 3. d4 cxd4 4. Nxd4 g6 5. g3 Bg7 6. Bg2 0-0 7. 0-0 Nc6 8. Nc3 Ne4 9. Nxc6 Nxc3 10. Nxd8 Nxd1 11. Nxf7 Nxb2 12. Nh6+ Kh8 13. Rb1 Nxc4 14. Bd5 Nd6 15. Ng4 Rb8 16. Bf4 h5 17. Ne5 Kh7 18. h4 Rf5 19. Nxd7 Bxd7 20. e4 Rff8 21. e5 e6 22. Bg2 Nf5 23. Bxb7 Nxh4 24. Rfd1 Bc8 25. Bxc8 Rbxc8 26. Rb7 Nf5 27. Rdd7 Rcd8 28. Rdc7 Rc8 29. Rd7 a5 30. Bg5 Kg8 31. Rb5 Rf7 32. Rxf7 Kxf7 33. Rxa5 Rc7 34. Kg2 Ne7 35. Bxe7 Kxe7 36. f4 Kf7 37. a4 Bf8 38. Ra8 Bb4 39. a5 Rc2+ 40. Kf3 Ra2 41. a6 Ra3+ 42. Kg2 Bc5 43. Rc8 Ra2+ 44. Kh3 Bg1 45. Rc7+ Kf8 46. Kh4 Rxa6 47. Kg5 Ra7 48. Rxa7 Bxa7 49. Kxg6 Bf2 50. Kxh5 Bxg3 51. Kg4 Bh2 52. f5 1/2-1/2